LEADER 01405nam a2200325 a 4500 001 000000140815 003 CaOOAMICUS 005 20141205115701.0 008 141205s2014 it u000 u ita r 020 $a978-88-15-25164-0 040 $aPUL$bita 041 1 $aita$heng 082 04$a320.1 100 1 $aNussbaum, Martha Craven,$d1947-$0(OLS)http://pul/name/30080 240 10$aPolitical emotions.$lItaliano.$0(OLS)http://pul/title/178167 245 10$aEmozioni politiche :$bperchè l'amore conta per la giustizia /$cMartha C. Nussbaum. 260 $aBologna :$bIl Mulino,$c©2014. 300 $a510 p. ;$c22 cm 490 1 $aCollezione di testi e studi. Filosofia 504 $aInclude riferimenti bibliografici. 650 4$aScienza della politica$xStudi.$0(OLS)http://pul/subject/8924 830 0$aCollezione di testi e di studi.$pFilosofia.$0(OLS)http://pul/title/10731 850 $aPUL 852 $aPUL$W1$xSL Diritto e Scienze Sociali 3$y79$m320. 1 NUSMA 1$j162565$qDDC 21$B162186$CPULBib$Z2$F162186 $H125060 $82 941 1 $a9 996 $6020$a978-88-15-25164-0$9(OLS)http://pul/number/156436 996 $6082$a320.1$9(OLS)http://pul/classification/582 996 $6245$aEmozioni politiche :$bperchè l'amore conta per la giustizia$9(OLS)http://pul/title/178168 996 $6260$aBologna :$bIl Mulino$9(OLS)http://pul/publisher/47928 LEADER 01666nam a2200325 a 4500 001 000000172547 003 CaOOAMICUS 005 20190823105054.0 006 a 000 u 008 190823s2019 it 000 u ita r 020 $a978-88-7298-147-4 032 $aLibriCat 040 $bita$aPUL 082 14$a252.6 100 0 $aBenedictus PP.$bXVI,$d1927-2022.$0(OLS)http://pul/name/14991 245 10$a100 Omelie :$bl'omelia funebre di Giovanni Paolo II, il discorso all'ONU e a Ratisbona, l'allocuzione a La Sapienza - lo stemma, le dimissioni in italiano e latino /$cBenedetto XVI ; prefazione di Angelo Comastri. 260 $aTeramo :$bPalumbi,$c©2019. 600 04$aBenedictus PP. XVI,$d1927-2022$xOmelie.$0(OLS)http://pul/subject/43052 700 1 $aComastri, Angelo,$ccard.$0(OLS)http://pul/name/41900 850 $aPUL 852 $aPUL$W1$xSL Religione 3$y85$m252. 6 BENED16 1$j196492$qDDC 21$B201254$CPULBib$Z2$F201254 $H133198 $82 900 $aRatzinger, Joseph,$ccard.,$d1927-2022$914991 900 $aBenedetto XVI,$cpapa,$d1927-$914991 910 $aPapi (2005-2013 : Benedictus PP. XVI)$914991 910 $aPapi (2005-2013 : Benedictus PP. XVI)$914991 996 $6020$a978-88-7298-147-4$9(OLS)http://pul/number/166624 996 $6082$a252.6$9(OLS)http://pul/classification/3022 996 $6245$a100 Omelie :$bl'omelia funebre di Giovanni Paolo II, il discorso all'ONU e a Ratisbona, l'allocuzione a La Sapienza - lo stemma, le dimissioni in italiano e latino$9(OLS)http://pul/title/213509 996 $6260$aTeramo :$bPalumbi$9(OLS)http://pul/publisher/86815